Výroční zasedání EBRD v Sofii
V dňoch 15.-16.4.1996 sa konalo v Sofii 5. výročné zasadanie guvernérov EBRD. Rok 1995 bol zhodnotený ako úspešný a EBRD potvrdila opodstatnenosť svojej úlohy v krajinách v procese transformácie. Zhodnotenie výsledkov finančného hospodárenia. Hodnota financovaných projektov a technická pomoc pri ich...
Salvato in:
| Autore principale: | |
|---|---|
| Natura: | Capitolo di libro |
| Lingua: | ceco |
| Soggetti: | |
| Tags: |
Nessun Tag, puoi essere il primo ad aggiungerne!!
|
MARC
| LEADER | 00000naa a2200000 4500 | ||
|---|---|---|---|
| 001 | r022739 | ||
| 005 | 20230908090428.2 | ||
| 041 | 0 | |a cze | |
| 044 | |a CZ | ||
| 245 | 1 | 0 | |a Výroční zasedání EBRD v Sofii |c Jana Křelinová |
| 520 | |a V dňoch 15.-16.4.1996 sa konalo v Sofii 5. výročné zasadanie guvernérov EBRD. Rok 1995 bol zhodnotený ako úspešný a EBRD potvrdila opodstatnenosť svojej úlohy v krajinách v procese transformácie. Zhodnotenie výsledkov finančného hospodárenia. Hodnota financovaných projektov a technická pomoc pri ich príprave a implementácii. | ||
| 610 | 2 | 0 | |a Európska banka pre obnovu a rozvoj |
| 610 | 2 | 0 | |a 1996 |
| 610 | 2 | 0 | |a Sofia |
| 610 | 2 | 0 | |a projekty |
| 610 | 2 | 0 | |a financovanie |
| 610 | 2 | 0 | |a privatizácia |
| 610 | 2 | 0 | |a pomoc technická |
| 610 | 2 | 0 | |a hospodárenie finančné |
| 100 | 1 | |a Křelinová, Jana | |